000 00352nam a2200145Ia 4500
008 231129s2007||||xx |||||||||||||| ||spa||
020 _a978-84-666-3624-7
040 _bspa
082 _a823 P982d
100 _aPullman Philip
245 0 _aLa daga
260 _c2007
264 _aEdiciones Z.
942 _2ddc
_cBKS
999 _c16819
_d16819